[Event "Druzynowe Mistrzostwa Polski Juniorow - II Liga"]
[Site "Iwonicz"]
[Date "2016-07-31"]
[Round "1.27"]
[White "Golecki, Jan"]
[Black "Babiarz, Arkadiusz"]
[Result "1-0"]
[WhiteTitle "I+"]
[BlackTitle "I"]
[WhiteElo "1758"]
[BlackElo "1692"]

1. e4 c5 2. Nf3 e6 3. d4 cxd4 4. Nxd4 a6 5. c4 Nf6 6. Nc3 Bb4 7. Qd3 Qc7 8. Be2
Nc6 9. O-O O-O 10. Nxc6 dxc6 11. f4 e5 12. f5 Bc5+ 13. Kh1 b5 14. Bg5 Qe7 15.
Qg3 Kh8 16. Qh4 Rd8 17. Rf3 Kg8 18. g4 h6 19. Bxh6 Nxe4 20. f6 Nxf6 21. Bxg7 Kxg7
22. Qg5+ Kf8 23. Qh6+ Ke8 24. Rxf6 Be6 25. Bf3 Rac8 26. Re1 Bd4 27. Ne4 bxc4 28.
g5 Bd5 29. g6 Kd7 30. gxf7 Kc7 31. Qg7 Rf8 32. Ng5 Qb4 33. Re2 e4 34. Bxe4 Bxf6
35. Qxf6 Qd6 36. Qf5 Bxe4+ 37. Qxe4 Qd5 38. Ne6+ Kd6 39. Nxf8 Rxf8 40. Qxd5+ cxd5
41. Rf2 d4 42. Kg1 Kd5 43. Kf1 d3 44. Ke1 a5 45. Kd2 Kd4 46. h4 a4 47. a3 Ke5
48. Kc3 Ke6 49. Kxc4 d2 50. Rxd2 Rxf7 51. Rh2 Rf4+ 52. Kb5 Kf6 53. h5 Kg7 54.
h6+ Kh7 55. Kc5 Rg4 56. Kd5 Rf4 57. Kc5 Rg4 58. Kb5 Rf4 59. Rc2 Kxh6 60. Rc4 Rf2
61. Rb4 Kg6 62. Kxa4 Kf6 63. Kb5 Rf5+ 64. Kb6 Ke7 65. a4 Rf6+ 66. Kb7 Rd6 67.
Rc4 Rd3 68. b4 Kd6 69. a5 Rd5 70. Rc5 Rd4 71. Rc6+ Kd7 72. b5 Rd5 73. Kb6 Kd8
74. a6 1-0

[Event "Druzynowe Mistrzostwa Polski Juniorow - II Liga"]
[Site "Iwonicz"]
[Date "2016-07-31"]
[Round "1.29"]
[White "Kozaczynska, Aleksandra"]
[Black "Luka, Agnieszka"]
[Result "1-0"]
[WhiteTitle "I++"]
[BlackTitle "II"]
[WhiteElo "1683"]
[BlackElo "1307"]

1. e4 c5 2. Nf3 d6 3. d4 cxd4 4. Nxd4 Nf6 5. Nc3 g6 6. Be3 Bg7 7. f3 Nc6 8. Qd2
Bd7 9. O-O-O O-O 10. g4 b5 11. Bxb5 Nxd4 12. Bxd4 Bxb5 13. Nxb5 a6 14. Nc3 Rb8
15. Nd5 Nxd5 16. exd5 Bxd4 17. Qxd4 Qa5 18. a3 Rfc8 19. Rd3 Rc7 20. Rhd1 Rbc8
21. R1d2 Rc4 22. Qe3 Qc7 23. Qe2 Qa7 24. Qf2 Qxf2 25. Rxf2 R8c5 26. b3 Rf4 27.
Kd2 f5 28. Ke3 g5 29. h3 fxg4 30. hxg4 Kg7 31. c4 Rc8 32. Rd4 Rxd4 33. Kxd4 Rb8
34. b4 Kf6 35. Rh2 Kg6 36. Re2 Kf7 37. Kc3 Rb7 38. Kb3 Kf6 39. Ka4 Rc7 40. Re4
Ra7 41. Ka5 1-0

[Event "Druzynowe Mistrzostwa Polski Juniorow - II Liga"]
[Site "Iwonicz"]
[Date "2016-07-31"]
[Round "1.31"]
[White "Szydelko, Michal"]
[Black "Golenia, Wojciech"]
[Result "0-1"]
[WhiteTitle "I"]
[BlackTitle "I+"]
[WhiteElo "1622"]
[BlackElo "1967"]

1. e4 e5 2. Nf3 Nf6 3. Nc3 Bb4 4. Bc4 Nc6 5. d3 Bxc3+ 6. bxc3 d5 7. Bb5 Qd6 8.
Qe2 O-O 9. O-O Re8 10. Bb2 Bg4 11. h3 Bh5 12. Qe3 Bg6 13. Rfd1 a6 14. Ba4 Rad8
15. exd5 Nxd5 16. Qd2 Bh5 17. Bxc6 Qxc6 18. Nxe5 Rxe5 19. c4 Re2 20. Qg5 Nf6 21.
Re1 h6 22. Qh4 Rxc2 23. Bd4 g5 24. Qg3 Rxd4 0-1

[Event "Druzynowe Mistrzostwa Polski Juniorow - II Liga"]
[Site "Iwonicz"]
[Date "2016-07-31"]
[Round "1.32"]
[White "Golenia, Jan"]
[Black "Sypien, Natan"]
[Result "1-0"]
[WhiteTitle "I"]
[BlackTitle "II"]
[WhiteElo "1860"]
[BlackElo "1461"]

1. d4 Nf6 2. c4 e6 3. Nc3 Bb4 4. Nf3 O-O 5. e3 b6 6. Bd3 Bb7 7. Bd2 d6 8. a3 Bxc3
9. Bxc3 Nbd7 10. Qe2 Qe7 11. O-O e5 12. Nd2 a5 13. Rae1 Rfe8 14. Qd1 exd4 15.
exd4 Qf8 16. d5 Ne5 17. Bb1 Ba6 18. Qc2 g6 19. b3 Qh6 20. Ne4 Nxe4 21. Qxe4 Bc8
22. f4 Bf5 23. Qd4 c5 24. dxc6 1-0

[Event "Druzynowe Mistrzostwa Polski Juniorow - II Liga"]
[Site "Iwonicz"]
[Date "2016-07-31"]
[Round "1.33"]
[White "Majocha, Piotr"]
[Black "Gawor, Jan Pawel"]
[Result "1/2-1/2"]
[WhiteTitle "I"]
[BlackTitle "II"]
[WhiteElo "1751"]
[BlackElo "1647"]

1. c4 c5 2. Nc3 Nf6 3. g3 d5 4. cxd5 Nxd5 5. Bg2 Nc7 6. Nf3 Nc6 7. d3 e5 8. O-O
Be7 9. a3 O-O 10. Bd2 Bd7 11. Rb1 b5 12. b4 cxb4 13. axb4 f6 14. Na2 Rc8 15. Nc1
Kh8 16. Qe1 Be6 17. Nb3 Na6 18. Na1 Qd7 19. Nc2 Rc7 20. Ra1 Qc8 21. Qb1 Rd8 22.
Qb2 Rcd7 23. Bc3 Nc7 24. Rfc1 Nd5 25. Bd2 Rc7 26. Rab1 Qd7 27. Nfe1 Rdc8 28. Bxd5
Bxd5 29. Ne3 Be6 30. Nf3 Qd6 1/2-1/2

[Event "Druzynowe Mistrzostwa Polski Juniorow - II Liga"]
[Site "Iwonicz"]
[Date "2016-07-31"]
[Round "1.34"]
[White "Krawczyk, Wojciech"]
[Black "Szuber, Dawid"]
[Result "1/2-1/2"]
[WhiteTitle "II+"]
[BlackTitle "II"]
[WhiteElo "1476"]
[BlackElo "1268"]

1. d4 d5 2. Nf3 e6 3. e3 c5 4. c4 Nf6 5. Nc3 Nc6 6. cxd5 Nxd5 7. e4 Nxc3 8. bxc3
cxd4 9. Nxd4 Nxd4 10. Qxd4 Qxd4 11. cxd4 b6 12. Bb5+ Bd7 13. Bxd7+ Kxd7 14. Ke2
Bd6 15. Bb2 Rhc8 16. Rac1 f6 17. Rhd1 Ke7 18. h3 Rab8 19. Rxc8 Rxc8 20. Kd3 Bb4
21. f3 Bd6 22. Rc1 Rxc1 23. Bxc1 Kd7 24. Kc4 a6 25. a4 g6 26. d5 g5 27. Be3 Bc7
28. Bd2 h6 29. Be3 Kd6 30. h4 Kd7 31. Bd2 Bd6 32. Be3 Bc7 33. Bf2 Ke7 34. Be1
Kd7 35. hxg5 hxg5 36. Bb4 Bd6 37. Bc3 Ke7 38. Bd4 Bc7 39. d6+ Bxd6 40. Bxb6 f5
41. Bc5 Kd7 42. Kb4 Bc7 43. g4 fxg4 44. fxg4 Bd8 45. Kc4 Kc6 46. Bb4 Bf6 47. Bf8
Kb6 48. Bb4 Kc6 49. Bd2 Kb6 50. Bb4 Kc6 51. Bc5 1/2-1/2

[Event "Druzynowe Mistrzostwa Polski Juniorow - II Liga"]
[Site "Iwonicz"]
[Date "2016-07-31"]
[Round "1.35"]
[White "Fajt, Patrycja"]
[Black "Debowska, Michalina"]
[Result "0-1"]
[WhiteTitle "II"]
[BlackTitle "II+"]
[WhiteElo "1069"]
[BlackElo "1432"]

1. e4 c5 2. Nf3 Nc6 3. Bb5 g6 4. Bxc6 bxc6 5. d3 Bg7 6. Nc3 d6 7. h3 Nf6 8. O-O
O-O 9. Re1 Nd7 10. Bd2 Ba6 11. Qc1 Rb8 12. Rb1 Ne5 13. Nxe5 Bxe5 14. f4 Bg7 15.
Ne2 Qb6 16. Bc3 Bxc3 17. bxc3 Qc7 18. Qa3 Rb6 19. Rb2 Rxb2 20. Qxb2 Rb8 21. Qa3
Bc8 22. Kh1 Rb6 23. c4 Qb7 24. Nc3 Rb2 25. Rc1 Qb4 26. Qxb4 cxb4 27. Ne2 Rxa2
28. Nd4 c5 29. Nb3 a5 30. Kh2 a4 31. Na1 Bd7 32. Kg3 a3 33. Nb3 Rb2 34. Na5 Ba4
35. c3 b3 36. Ra1 a2 0-1

[Event "Druzynowe Mistrzostwa Polski Juniorow - II Liga"]
[Site "Iwonicz"]
[Date "2016-07-31"]
[Round "1.36"]
[White "Budkiewicz, Magdalena"]
[Black "Wasala, Wiktoria"]
[Result "0-1"]
[WhiteTitle "I"]
[BlackTitle "I"]
[WhiteElo "1651"]
[BlackElo "1365"]

1. e4 Nf6 2. Nc3 d5 3. exd5 Nxd5 4. Nxd5 Qxd5 5. d4 Nc6 6. Be3 g6 7. Nf3 Bg7 8.
Be2 Bf5 9. c3 O-O 10. O-O Rad8 11. Qd2 e5 12. dxe5 Nxe5 13. Qxd5 Rxd5 14. Nxe5
Bxe5 15. Bc4 Rd7 16. Rad1 Rfd8 17. Rxd7 Rxd7 18. Bb3 b6 19. Rd1 Rxd1+ 20. Bxd1
Be6 21. Bb3 Bxb3 22. axb3 Kf8 23. g3 Ke7 24. Kg2 Kd6 25. Kf3 Kd5 26. Bf4 Bxf4
27. Kxf4 f6 28. f3 c5 29. h4 a5 30. h5 c4 31. hxg6 hxg6 32. Ke3 cxb3 33. Kd3 b5
34. Ke3 Kc4 35. Ke2 a4 36. Kd2 b4 37. cxb4 Kxb4 38. Kc1 a3 39. Kb1 axb2 40. Kxb2
Kc4 41. f4 f5 42. Kb1 Kd3 0-1

[Event "Druzynowe Mistrzostwa Polski Juniorow - II Liga"]
[Site "Iwonicz"]
[Date "2016-07-31"]
[Round "1.37"]
[White "Klementowski, Dawid"]
[Black "Zylinski, Piotr"]
[Result "1-0"]
[WhiteTitle "I"]
[BlackTitle "I"]
[WhiteElo "2000"]
[BlackElo "1577"]

1. e4 c6 2. d4 d5 3. exd5 cxd5 4. Bd3 Nc6 5. c3 Qc7 6. Ne2 Bg4 7. f3 Bh5 8. Bf4
e5 9. dxe5 Qb6 10. Qb3 Bc5 11. Qxb6 Bxb6 12. Na3 a6 13. O-O-O Nge7 14. Rhe1 Rc8
15. Nc2 O-O 16. Kb1 Rfe8 17. g4 Bg6 18. Bg3 Rcd8 19. Ned4 Nxd4 20. Nxd4 Nc6 21.
f4 Bxd3+ 22. Rxd3 Nxd4 23. cxd4 Rd7 24. Rc1 Kf8 25. Be1 f6 26. Bb4+ Kf7 27. Bd6
Kg6 28. Rcc3 h5 29. h3 hxg4 30. hxg4 Rh8 31. Bc5 Ba5 32. b4 Bd8 33. Rh3 Rxh3 34.
Rxh3 b6 35. Bd6 Bc7 36. Rh5 f5 37. Rg5+ Kh6 38. Rxf5 Bxd6 39. Rh5+ Kg6 40. f5+
Kf7 41. e6+ Ke7 42. exd7 Kxd7 43. Rh7 Bf8 44. f6 1-0

[Event "Druzynowe Mistrzostwa Polski Juniorow - II Liga"]
[Site "Iwonicz"]
[Date "2016-07-31"]
[Round "1.39"]
[White "Grochol, Kamil"]
[Black "Panek, Bartosz"]
[Result "1-0"]
[WhiteTitle "II+"]
[BlackTitle "II+"]
[WhiteElo "1648"]
[BlackElo "1679"]

1. e4 e5 2. Nf3 Nc6 3. Bc4 Nf6 4. Ng5 d5 5. exd5 Na5 6. Bb5+ c6 7. dxc6 bxc6 8.
Be2 Bd6 9. d3 O-O 10. Nc3 Nd5 11. Nge4 f5 12. Nxd6 Qxd6 13. Bd2 Nb7 14. O-O Nc5
15. Nxd5 Qxd5 16. Bb4 Rf6 17. Bf3 e4 18. dxe4 fxe4 19. Be2 Na6 20. Bc3 Rg6 21.
b3 Qxd1 22. Rfxd1 Bg4 23. Bxa6 Bxd1 24. Rxd1 c5 25. Bb7 Re8 26. Bd5+ Kf8 27. Bc4
Rg5 28. Rd7 Re7 29. Rxe7 Kxe7 30. Kf1 Kd6 31. b4 g6 32. bxc5+ Kxc5 33. Bb3 Kc6
34. Bd2 Rf5 35. Ke2 Re5 36. Ke3 Kc5 37. a3 Kb6 38. Bc3 Re7 39. Bd4+ Ka6 40. Bc4+
Ka5 41. Bc5 Rc7 42. Bb4+ Kb6 43. Bb3 a5 44. Bd2 Kb5 45. a4+ Kb6 46. Kxe4 Re7+
47. Kd3 Rd7+ 48. Ke2 Kc5 49. Bxa5 Re7+ 50. Kf3 h6 51. Bd2 g5 52. Be3+ Kb4 53.
Kg4 Rd7 54. h4 gxh4 55. Kxh4 1-0

[Event "Druzynowe Mistrzostwa Polski Juniorow - II Liga"]
[Site "Iwonicz"]
[Date "2016-07-31"]
[Round "1.40"]
[White "Piechota, Kamil"]
[Black "Marciniszyn, Maciej"]
[Result "1-0"]
[WhiteTitle "II"]
[BlackTitle "II+"]
[WhiteElo "1337"]
[BlackElo "1523"]

1. e4 c5 2. c3 Nf6 3. e5 Nd5 4. d4 cxd4 5. cxd4 Nc6 6. Nf3 d6 7. Bc4 Nb6 8. Bb5
a6 9. Bxc6+ bxc6 10. O-O e6 11. Qc2 Bd7 12. exd6 Bxd6 13. Ne5 Bxe5 14. dxe5 Nd5
15. Nc3 O-O 16. Ne4 Qc7 17. Ng5 f5 18. exf6 Nxf6 19. b3 h6 20. Nf3 e5 21. Qg6
Ng4 22. h3 Rf6 23. Qe4 Bf5 24. Qe1 Bd3 25. hxg4 Bxf1 26. Kxf1 Re8 27. Bb2 Rfe6
28. Qe4 Qa5 29. Qc4 Qb5 30. Nxe5 Qxc4+ 31. Nxc4 Re2 32. Bc3 Rc2 33. Bd2 Re4 34.
Be3 Rxg4 35. g3 Re4 36. Ke1 Rcxc4 37. bxc4 Rxc4 38. Kd2 h5 39. Kd3 Rg4 40. Kc3
h4 41. gxh4 Rxh4 42. Rc1 Re4 43. Kb3 Re6 44. Rc3 Kf7 45. Kb4 Ke7 46. Ka5 Kd7 47.
Kxa6 Re4 48. Rd3+ Kc7 49. Bb6+ 1-0

[Event "Druzynowe Mistrzostwa Polski Juniorow - II Liga"]
[Site "Iwonicz"]
[Date "2016-07-31"]
[Round "1.41"]
[White "Kucharska, Honorata"]
[Black "Robakowska, Paulina"]
[Result "1/2-1/2"]
[WhiteTitle "k"]
[BlackTitle "I"]
[WhiteElo "1855"]
[BlackElo "1341"]

1. e4 c5 2. b3 Nc6 3. Bb2 d6 4. Bb5 Bd7 5. d3 Nf6 6. Bxc6 Bxc6 7. f4 g6 8. Nf3
Bg7 9. O-O O-O 10. Qe1 e6 11. Nbd2 Re8 12. h3 Nxe4 13. dxe4 Bxb2 14. Rd1 Bg7 15.
Nc4 d5 16. e5 Bf8 17. Ne3 Qe7 18. Ng4 Bg7 19. Ng5 h6 20. Nf3 d4 21. Nd2 Bd5 22.
Ne4 Bxe4 23. Qxe4 b6 24. Qf3 Red8 25. Nf2 Rab8 26. Ne4 Qb7 27. Rfe1 Qe7 28. Qg3
Rd7 29. h4 h5 30. f5 exf5 31. Nf6+ Bxf6 32. exf6 Qd6 33. Qg5 Kh7 34. Rf1 Qe5 35.
Rde1 Qd5 36. Rf3 Rbd8 37. Kh1 Rd6 38. Ref1 Qe6 39. Rxf5 Qe3 40. Qxe3 dxe3 41.
Re5 Rd1 42. Kg1 Rxf1+ 43. Kxf1 Rd6 44. Rxe3 Rxf6+ 45. Kg1 Re6 46. Rd3 Kg7 47.
Kf2 Kf6 48. Rf3+ Ke7 49. Rd3 Re4 50. g3 Re6 51. c4 Rd6 52. Re3+ Re6 53. Rd3 Ke8
54. a4 Ke7 55. Kf1 Rf6+ 56. Ke2 Rd6 57. Rf3 Re6+ 58. Kd2 Re4 59. Kd3 Rd4+ 60.
Ke2 Re4+ 61. Kd3 Rd4+ 62. Ke2 f6 63. Re3+ Kf7 64. Rf3 Rd6 65. Ke1 Ke7 66. Ke2
Re6+ 67. Kd2 Re4 68. Kd3 Rd4+ 69. Kc2 1/2-1/2

[Event "Druzynowe Mistrzostwa Polski Juniorow - II Liga"]
[Site "Iwonicz"]
[Date "2016-07-31"]
[Round "1.43"]
[White "Pyka, Slawomir"]
[Black "Lizak, Jakub"]
[Result "0-1"]
[WhiteTitle "I"]
[BlackTitle "k"]
[WhiteElo "1620"]
[BlackElo "2131"]

1. d4 Nf6 2. Nf3 g6 3. g3 Bg7 4. Bg2 O-O 5. O-O d6 6. c3 Nbd7 7. Nbd2 e5 8. dxe5
dxe5 9. Nc4 e4 10. Nd4 Re8 11. Qc2 Nb6 12. Nxb6 axb6 13. Bg5 Qd5 14. Bf4 c6 15.
Qb3 Qh5 16. f3 Qc5 17. Kh1 e3 18. g4 Nd5 19. Bg3 Bh6 20. Rad1 b5 21. Nxb5 Nf4
22. Nd4 Qa5 23. a3 c5 24. Bxf4 Bxf4 25. Qb5 Qxb5 26. Nxb5 Be6 27. Nd6 Bxd6 28.
Rxd6 Bc4 29. Re1 Rad8 30. Rb6 Re7 31. f4 Bxe2 32. Rxe2 Rd1+ 33. Bf1 Rxf1+ 34.
Kg2 Rxf4 35. h3 f5 36. Kg3 Rf1 37. Kg2 Rf4 38. Kg3 Rfe4 39. gxf5 gxf5 40. Rf6
Rf7 41. Rxf7 Kxf7 42. Kf3 Rh4 43. Kg3 Re4 44. Kf3 Kf6 45. Rxe3 Rxe3+ 46. Kxe3
c4 47. Kd4 Kg5 48. Kxc4 Kf4 49. Kd3 Kf3 50. b4 f4 51. c4 Kg2 52. Ke4 f3 53. b5
f2 54. Kd5 f1=Q 55. Kc5 Kxh3 56. a4 h5 57. a5 Qf2+ 0-1

[Event "Druzynowe Mistrzostwa Polski Juniorow - II Liga"]
[Site "Iwonicz"]
[Date "2016-07-31"]
[Round "1.45"]
[White "Gozdzicki, Maciej"]
[Black "Kukula, Karol"]
[Result "1/2-1/2"]
[WhiteTitle "II"]
[BlackTitle "II"]
[WhiteElo "1514"]
[BlackElo "1550"]

1. d4 Nf6 2. Nf3 e6 3. c4 Bb4+ 4. Bd2 Qe7 5. a3 Bxd2+ 6. Nbxd2 d6 7. e3 O-O 8.
Bd3 e5 9. Qc2 Bg4 10. dxe5 dxe5 11. Be2 Nc6 12. Nb3 a5 13. Rd1 Rfd8 14. O-O Rxd1
15. Rxd1 Rd8 16. Nc1 Rd7 17. Nd2 Bxe2 18. Nxe2 h6 19. Nc3 Qd8 20. Kf1 Kf8 21.
Ke2 Ke7 22. h3 Kf8 23. Nde4 Rxd1 24. Qxd1 Qxd1+ 25. Kxd1 Nxe4 26. Nxe4 Ke7 27.
Ke2 b6 28. Nc3 Kd7 29. g4 Nd8 30. Ne4 Ne6 31. Ng3 g6 32. Ne4 Ke7 33. Nc3 Ng7 34.
Nd5+ Kd6 35. Nf6 Ke6 36. Nd5 Kd6 37. Nf6 Ke6 38. Nd5 Kd6 39. Nf6 Ke6 40. Nd5 Kd6
41. Nf6 c6 42. h4 Ke6 1/2-1/2

[Event "Druzynowe Mistrzostwa Polski Juniorow - II Liga"]
[Site "Iwonicz"]
[Date "2016-07-31"]
[Round "1.46"]
[White "Szeliga, Sebastian"]
[Black "Majdanski, Maksymilian"]
[Result "0-1"]
[WhiteTitle "II"]
[BlackTitle "II"]
[WhiteElo "1228"]
[BlackElo "1515"]

1. e4 e5 2. Nf3 Nc6 3. Nc3 Nf6 4. d4 exd4 5. Nxd4 Bb4 6. Nxc6 bxc6 7. Bd3 O-O 8.
O-O d6 9. h3 Re8 10. Qf3 h6 11. Bf4 Bb7 12. a3 Bxc3 13. bxc3 c5 14. Rfe1 c4 15.
Bxc4 Bxe4 16. Qd1 Qd7 17. Bd3 Qc6 18. Bxe4 Nxe4 19. Qg4 Nf6 20. Qf3 Qxf3 21. gxf3
Rxe1+ 22. Rxe1 Rb8 23. Rd1 Rb2 24. Rc1 Ra2 25. Rb1 Rxa3 26. Rb3 Ra2 27. Rb7 Nd5
28. Bg3 Rxc2 29. Rxa7 Rxc3 30. Kg2 f5 31. Ra5 Rc5 32. Ra4 Nb6 33. Ra6 Nd5 34.
Ra4 Rb5 35. Rd4 Kf7 36. Ra4 Rb4 37. Ra5 Ke6 38. Ra8 f4 39. Bh2 c5 40. Ra7 Kf6
41. Rd7 Rb6 42. Rd8 c4 43. Rf8+ Ke5 44. Re8+ Kd4 45. Re4+ Kd3 46. Bxf4 Nxf4+ 47.
Rxf4 c3 48. Re4 c2 49. Re1 Rb1 50. Rxb1 cxb1=Q 51. Kg3 Qg1+ 52. Kf4 Qg5# 0-1

[Event "Druzynowe Mistrzostwa Polski Juniorow - II Liga"]
[Site "Iwonicz"]
[Date "2016-07-31"]
[Round "1.47"]
[White "Krzywnicka, Maria"]
[Black "Wojcik, Jagoda"]
[Result "1-0"]
[WhiteTitle "I+"]
[BlackTitle "I+"]
[WhiteElo "1685"]
[BlackElo "1609"]

1. e4 c5 2. Nc3 a6 3. g3 b5 4. Bg2 Bb7 5. f4 e6 6. Nh3 Nf6 7. d3 Be7 8. O-O O-O
9. g4 b4 10. Nb1 d5 11. e5 Nfd7 12. Qe2 Nc6 13. c3 Qb6 14. Kh1 a5 15. Nd2 a4 16.
Nf3 a3 17. f5 c4 18. d4 Qa5 19. Qc2 axb2 20. Bxb2 bxc3 21. Bxc3 Bb4 22. Bxb4 Nxb4
23. Qc1 Ba6 24. f6 h6 25. fxg7 Kxg7 26. g5 h5 27. Nf4 Rh8 28. Rg1 Rac8 29. g6
c3 30. gxf7 Kxf7 31. Ng5+ Ke8 32. Ngxe6 Nf8 33. Ng7+ Kd8 34. e6 Qc7 35. Nf5 Nd3
36. Nxd3 Bxd3 37. e7+ Kd7 38. Qg5 Ne6 39. Qf6 c2 40. Bxd5 Nf4 41. Qf7 Rhe8 42.
Rge1 c1=Q 43. Be6+ Kc6 44. Raxc1+ Kb6 45. Rxc7 Nh3 46. Rxc8 1-0

[Event "Druzynowe Mistrzostwa Polski Juniorow - II Liga"]
[Site "Iwonicz"]
[Date "2016-07-31"]
[Round "1.48"]
[White "Pisarek, Elzbieta"]
[Black "Partyka, Justyna"]
[Result "0-1"]
[WhiteTitle "I"]
[BlackTitle "II"]
[WhiteElo "1351"]
[BlackElo "1150"]

1. e4 e6 2. d4 d5 3. Nd2 Nf6 4. e5 Nfd7 5. Bd3 Be7 6. Ne2 c5 7. c3 Nc6 8. Nf3 O-O
9. O-O b6 10. Re1 Bb7 11. Be3 cxd4 12. cxd4 Rc8 13. a3 Na5 14. b3 Nb8 15. Qb1
h6 16. Qb2 Ba6 17. Bxa6 Nxa6 18. Rac1 b5 19. Rxc8 Qxc8 20. Rc1 Qb7 21. Nf4 Rc8
22. Rd1 b4 23. a4 Rc3 24. Rd3 Qc7 25. Rxc3 bxc3 26. Qb1 Ba3 27. Ne1 Nb4 28. Nc2
Bb2 29. Nxb4 Nxb3 30. Nfd3 Qc4 31. Qc2 Na1 32. Nxb2 Qxb4 33. Qb1 Qxb2 34. Qf1
Nb3 35. h3 c2 36. Kh2 Qb1 37. Qa6 c1=Q 38. Bxc1 Qxc1 39. Qxa7 Qf4+ 40. Kg1 Qxd4
41. Qb8+ Kh7 42. Qxb3 Qa1+ 43. Kh2 Qxe5+ 44. Qg3 Qa1 45. Qd3+ g6 46. Qb3 d4 47.
Qc4 Qc3 48. Qb5 0-1

[Event "Druzynowe Mistrzostwa Polski Juniorow - II Liga"]
[Site "Iwonicz"]
[Date "2016-07-31"]
[Round "1.49"]
[White "Adamczewski, Maciej"]
[Black "Guzik, Natalia"]
[Result "1-0"]
[WhiteTitle "I++"]
[BlackTitle "I++"]
[WhiteElo "1979"]
[BlackElo "1608"]

1. d4 d5 2. c4 e6 3. Nf3 Nf6 4. Nc3 Be7 5. g3 O-O 6. Bg2 Re8 7. O-O c6 8. Qc2 Nbd7
9. e4 Nf8 10. e5 N6d7 11. h4 f6 12. Bf4 Ng6 13. Ne2 fxe5 14. dxe5 Nxf4 15. Nxf4
Nc5 16. Rad1 Qa5 17. b3 Ne4 18. Nd4 Nc5 19. Qe2 Qc7 20. Rc1 a5 21. Rfe1 Rf8 22.
Nh5 Bd7 23. Qg4 Rf7 24. cxd5 cxd5 25. Bxd5 exd5 26. e6 Kh8 27. exd7 Qxd7 28. Qxd7
Nxd7 29. Nf4 Bb4 30. Re2 Nf6 31. Nb5 Rd7 32. Rc7 Rxc7 33. Nxc7 Rd8 34. Ncxd5 Nxd5
35. Nxd5 Bc5 36. Nc3 Kg8 37. Kg2 Kf7 38. Ne4 Be7 39. Nd2 b6 40. Nc4 Bc5 41. Rc2
Ke6 42. Nxa5 Bxf2 43. Nc6 Rc8 44. Kxf2 Kd6 45. Nd4 1-0

[Event "Druzynowe Mistrzostwa Polski Juniorow - II Liga"]
[Site "Iwonicz"]
[Date "2016-07-31"]
[Round "1.50"]
[White "Bakalarczyk, Jakub"]
[Black "Janiszewski, Filip"]
[Result "0-1"]
[WhiteTitle "I"]
[BlackTitle "I+"]
[WhiteElo "1591"]
[BlackElo "1996"]

1. d4 d5 2. c4 e6 3. Nc3 Nf6 4. Nf3 Be7 5. Bg5 c6 6. e3 O-O 7. Qc2 Nbd7 8. a3 a6
9. Rd1 b5 10. cxb5 cxb5 11. Bd3 Bb7 12. O-O h6 13. Bh4 Nb6 14. Ne5 Nc4 15. Be2
Rc8 16. Nxc4 bxc4 17. f3 Qb6 18. Kh1 Qc6 19. Bxf6 Bxf6 20. e4 dxe4 21. Nxe4 Be7
22. Rc1 Rfd8 23. Rfd1 Qb6 24. Bxc4 Rxd4 25. Rxd4 Qxd4 26. Qe2 Bd5 27. b3 Bxc4
28. bxc4 Bxa3 29. Rc2 Qa1+ 0-1

[Event "Druzynowe Mistrzostwa Polski Juniorow - II Liga"]
[Site "Iwonicz"]
[Date "2016-07-31"]
[Round "1.51"]
[White "Skurniak, Szymon"]
[Black "Jagura, Norbert"]
[Result "1-0"]
[WhiteTitle "I"]
[BlackTitle "II"]
[WhiteElo "1603"]
[BlackElo "1505"]

1. e4 e6 2. d4 d5 3. Nc3 Nf6 4. e5 Nfd7 5. f4 c5 6. Nf3 Nc6 7. Be3 Be7 8. Qd2 a6
9. O-O-O O-O 10. g4 b5 11. dxc5 Bxc5 12. h4 Bxe3 13. Qxe3 Nb6 14. h5 Rb8 15. g5
Qe7 16. g6 h6 17. f5 exf5 18. Nxd5 Nxd5 19. Rxd5 Bb7 20. Bg2 Nb4 21. Rd4 fxg6
22. hxg6 Be4 23. Qb3+ Nd5 24. Rxe4 fxe4 25. Qxd5+ Kh8 26. Qxe4 Rbc8 27. e6 Rfd8
28. Ne5 Kg8 29. Nf7 Re8 30. Rd1 Rc4 31. Qd5 Rc5 32. Qd7 Qxe6 33. Qxe6 1-0

[Event "Druzynowe Mistrzostwa Polski Juniorow - II Liga"]
[Site "Iwonicz"]
[Date "2016-07-31"]
[Round "1.52"]
[White "Wojtasik, Szymon"]
[Black "Ochedzan, Tymon"]
[Result "0-1"]
[WhiteTitle "II"]
[BlackTitle "II+"]
[WhiteElo "1240"]
[BlackElo "1636"]

1. e4 c5 2. Nf3 d6 3. d4 cxd4 4. Nxd4 Nf6 5. Nc3 a6 6. f4 e5 7. Nb3 exf4 8. Bxf4
Nc6 9. Be2 Be6 10. O-O Be7 11. Kh1 O-O 12. Bf3 Ne5 13. Bxe5 dxe5 14. a3 Rc8 15.
Re1 Qc7 16. Qe2 Rfd8 17. Rad1 Bd6 18. Rd2 Bxa3 19. Rxd8+ Rxd8 20. bxa3 Qxc3 21.
Rd1 Rxd1+ 22. Qxd1 h6 23. Qd2 Qxd2 24. Nxd2 Bg4 25. Nc4 Bxf3 26. gxf3 Nd7 27.
Kg2 Kf8 28. Kf2 Ke7 29. Ke3 b5 30. Nd2 Nc5 31. f4 exf4+ 32. Kxf4 Kf6 33. Nf3 g5+
34. Ke3 Ne6 35. Ne1 Ke5 36. Nd3+ Kd6 37. Nb4 a5 38. Nd3 h5 39. Ne1 f6 40. Nd3
g4 41. Nf2 Ng5 42. Kd3 Nf3 43. Ke3 Nxh2 44. Kf4 h4 45. Nxg4 Nxg4 46. Kxg4 Ke5
47. Kxh4 Kxe4 48. Kg3 Ke3 49. Kg4 Kd2 50. a4 b4 51. c4 bxc3 52. Kf5 c2 53. Kxf6
c1=Q 54. Kf5 Qe1 55. Kf6 Kd3 56. Kg5 Qf2 57. Kh5 Qg3 58. Kh6 Ke4 59. Kh7 Kf5 60.
Kh8 Kf6 61. Kh7 Qg7# 0-1

[Event "Druzynowe Mistrzostwa Polski Juniorow - II Liga"]
[Site "Iwonicz"]
[Date "2016-07-31"]
[Round "1.53"]
[White "Wawrzyniak, Weronika"]
[Black "Bakalarczyk, Zuzanna"]
[Result "1-0"]
[WhiteTitle "I"]
[BlackTitle "I"]
[WhiteElo "1322"]
[BlackElo "1312"]

1. e4 e5 2. Nf3 Nc6 3. Bb5 Nf6 4. O-O d6 5. Re1 Bd7 6. c3 Be7 7. h3 O-O 8. Ba4
Re8 9. Bc2 h6 10. a3 Nh7 11. d4 exd4 12. cxd4 Ng5 13. Nbd2 Bf6 14. Nxg5 Bxg5 15.
Nf3 Bxc1 16. Rxc1 Qc8 17. Kh2 a6 18. Qd3 Ne7 19. Nh4 g6 20. f4 d5 21. e5 Bf5 22.
Nxf5 Nxf5 23. g4 Ng7 24. f5 Qd8 25. fxg6 f6 26. exf6 Qxf6 27. Rf1 Qd6+ 28. Kg2
Re7 29. Rf2 Rae8 30. Qf3 Qe6 31. Rcf1 Qc8 32. Qxd5+ Ne6 33. Bf5 c6 34. Qb3 Qd7
35. Bxe6+ Rxe6 36. Rf6 Qd5+ 37. Qxd5 cxd5 38. Rxe6 Rxe6 39. Rf5 Re2+ 40. Kf3 Rxb2
41. Rxd5 Rb6 42. Rd7 Rxg6 43. Rxb7 Re6 44. Kf4 Kf8 45. d5 Re2 46. d6 Rd2 47. Ke5
Ke8 48. Ra7 Re2+ 49. Kf5 Rh2 50. Rxa6 Rxh3 51. Ra7 Rd3 52. Ra6 Kd7 53. a4 Rd5+
54. Ke4 Rg5 55. Kf4 Rc5 56. a5 Rc4+ 57. Ke5 Rxg4 58. Ra7+ Kd8 59. d7 Rg1 60. a6
Rd1 61. Rb7 Re1+ 62. Kf5 Rf1+ 63. Kg6 Rg1+ 64. Kxh6 Rh1+ 65. Kg5 Rg1+ 66. Kf4
Rf1+ 67. Kg3 Ra1 68. a7 1-0

[Event "Druzynowe Mistrzostwa Polski Juniorow - II Liga"]
[Site "Iwonicz"]
[Date "2016-07-31"]
[Round "1.54"]
[White "Matyjasek, Michalina"]
[Black "Barwinska, Ewa"]
[Result "1-0"]
[WhiteTitle "II"]
[BlackTitle "II+"]
[WhiteElo "1199"]
[BlackElo "1239"]

1. d4 d5 2. c4 c6 3. Nf3 e6 4. Nc3 f5 5. Bf4 Nf6 6. e3 Be7 7. Bd3 O-O 8. O-O dxc4
9. Bxc4 b5 10. Bb3 Nd5 11. Be5 Nd7 12. Bg3 N7f6 13. Rc1 Bb7 14. Ng5 Qd7 15. e4
Nxc3 16. Rxc3 Kh8 17. Bxe6 Qe8 18. Re1 Bb4 19. exf5 Bxc3 20. bxc3 a6 21. Bd6 Rg8
22. Nf7+ Qxf7 23. Bxf7 Rgd8 24. Be5 Rf8 25. Be6 Rae8 26. Bd6 Rd8 27. Bxf8 Rxf8
28. h3 Re8 29. Bf7 Rf8 30. Re7 Bc8 31. g4 a5 1-0

[Event "Druzynowe Mistrzostwa Polski Juniorow - II Liga"]
[Site "Iwonicz"]
[Date "2016-07-31"]
[Round "1.55"]
[White "Tokarz, Krzysztof"]
[Black "Krawiec, Grzegorz"]
[Result "0-1"]
[WhiteTitle "II+"]
[BlackTitle "I"]
[WhiteElo "1637"]
[BlackElo "1791"]

1. d4 d5 2. c4 c6 3. Nf3 dxc4 4. a4 Nf6 5. Nc3 e6 6. Bg5 Be7 7. e3 Nbd7 8. Bxc4
O-O 9. O-O c5 10. dxc5 Nxc5 11. Qc2 a6 12. Ne5 Nd5 13. Bxd5 Bxg5 14. Bf3 Nd7 15.
Nxd7 Qxd7 16. Ne4 Bf6 17. Rfd1 Qe7 18. Nxf6+ Qxf6 19. Rac1 Qe7 20. Qc7 Qxc7 21.
Rxc7 Rb8 22. Rd4 b5 23. Rb4 Rd8 24. Rc5 Bd7 25. axb5 Bxb5 26. h3 Rbc8 27. Rxc8
Rxc8 28. Kh2 Kf8 29. Kg3 Ke7 30. Rb3 f6 31. Be4 f5 32. Bd3 Bxd3 33. Rxd3 Rb8 34.
b3 g5 35. Kf3 h5 36. Ke2 Rb5 37. f3 h4 38. Kf2 Rc5 39. Rd4 Rc2+ 40. Kg1 Rc3 41.
Ra4 Rxe3 42. Rxa6 Rxb3 43. Kf2 Rb2+ 44. Kf1 Kf6 45. Ra5 Rb1+ 46. Kf2 Rb2+ 47.
Kf1 Rb4 48. Kf2 g4 49. hxg4 fxg4 50. Rh5 Rb2+ 51. Kg1 g3 52. Kf1 Rf2+ 53. Kg1
Rc2 54. Kf1 Rc1+ 55. Ke2 Rh1 56. Ke3 h3 57. Rh6+ Kg5 58. Rxe6 Re1+ 59. Kd2 Rxe6
60. gxh3 g2 0-1